Los trabajadores del mar / (Record no. 155755)

MARC details
000 -LEADER
campo de control de longitud fija 00826nam a2200217 i 4500
001 - NÚMERO DE CONTROL
campo de control 155755
003 - IDENTIFICADOR DE NÚMERO DE CONTROL
campo de control ES-MaACL
005 - FECHA Y HORA DE LA ÚLTIMA TRANSACCIÓN
campo de control 20250716062632.0
008 - DATOS DE LONGITUD FIJA--INFORMACIÓN GENERAL
campo de control de longitud fija 941221s1866 sp a |||| | spa d
040 ## - FUENTE DE CATALOGACIÓN
Centro catalogador/agencia de origen CARM
Lengua de catalogación spa
100 1# - ENTRADA PRINCIPAL--NOMBRE DE PERSONA
Nombre de persona Hugo, Victor,
Fechas asociadas al nombre 1802-1885
9 (RLIN) 64627
245 14 - MENCIÓN DEL TÍTULO
Título Los trabajadores del mar /
Mención de responsabilidad, etc. Victor Hugo ; versión española por D. Antonio Ribot.
260 ## - PUBLICACIÓN, DISTRIBUCIÓN, ETC.
Lugar de publicación, distribución, etc. Madrid :
Nombre del editor, distribuidor, etc. Imprenta de Gaspar y Roig, editores ;
Lugar de publicación, distribución, etc. Paris :
Nombre del editor, distribuidor, etc. Librería de D.F. Brachet,
Fecha de publicación, distribución, etc. 1866.
300 ## - DESCRIPCIÓN FÍSICA
Extensión 2 v. (380 p., [8] h. de lám.; 383 p., [8] h. de lám.) :
Otras características físicas il. ;
Dimensiones 22 cm.
596 ## - NOTA AL PIE DE IMPRENTA
NOTA AL PIE DE IMPRENTA Port. con marca tip.
599 ## - NOTA A LAS ILUSTRACIONES
NOTA A LAS ILUSTRACIONES Las hs. de lam. "Severini" "V.D. Beequer" "Rico" "La Porta"
700 1# - ENTRADA AGREGADA--NOMBRE PERSONAL
Nombre de persona Ribot y Fontseré, Antonio.
9 (RLIN) 131779
852 ## - LOCALIZACIÓN
Ubicación ES-MaACL
Número de control de estantería G-5389-90
Nota libre -- Enc. hol.
Holdings
Estatus retirado Estado de pérdida Estado de daño No para préstamo Colección Biblioteca de origen Biblioteca actual Ubicación en estantería Fecha de adquisición Total de préstamos Signatura topográfica completa Código de barras Visto por última vez Precio de reemplazo Tipo de ítem Koha
        Libros del s. XIX Biblioteca del Ateneo de Madrid Biblioteca del Ateneo de Madrid Depósito 2 17/01/2008   G-5389-90 1162927 23/02/2023 23/02/2023 Libro impreso antiguo